| 000 | 00758nam a22002537a 4500 | ||
|---|---|---|---|
| 001 | 000720 | ||
| 003 | DO-SdBNP | ||
| 005 | 20180209120125.0 | ||
| 007 | 000720 | ||
| 008 | 161118b 1998 sp a xxu||||| |||| 00| 0 spa d | ||
| 040 |
_aBPMSU _bspa _cBPMSU |
||
| 082 |
_axxxx _bxxxx |
||
| 100 | 1 | _aLópez Gómez, Luisa M. | |
| 245 | 1 | 0 |
_aAdivina, adivinanza : _b textos populares / _cilustrado por Ma. Fe Quesada. |
| 260 |
_aLeon : _b Everest, _c1998. |
||
| 300 |
_a43 p. : _bil. ; _c22 cm. |
||
| 490 | 1 | _aMontaña encantada. | |
| 500 | _aPrecede al título: Disney | ||
| 700 | 1 |
_aQuesada, Maria Fe, _eil. |
|
| 830 | 0 | _aMontaña encantada. | |
| 942 |
_2ddc _cBK |
||
| 945 | _ainventariado, 2018 / dg | ||
| 956 |
_2LOPEREZ _310 _620161118 _8BPMSU _a00041 |
||
| 999 |
_c11999 _d11999 |
||